[Event "8th Mikhail Chigorin Memorial"]
[Site "Kislovodsk URS"]
[Date "1972.10.22"]
[Round "1"]
[Board "3"]
[White "Kozma, Julius"]
[Black "Unzicker, Wolfgang"]
[WhiteElo "2370"]
[BlackElo "2530"]
[Result "1/2-1/2"]
[EventDate "1972.10.21"]
[PlyCount "39"]

1. d4 Nf6 2. c4 e6 3. Nc3 Bb4 4. e3 O-O 5. Bd3 d5 6. Nf3 c5 7. O-O Nc6 8. a3 Bxc3 9. bxc3 dxc4 10. Bxc4 Qc7 11. Ba2 Rd8 12. Bb2 b6 13. Qc2 Ba6 14. c4 cxd4 15. exd4 Na5 16. Rac1 Rac8 17. Ne5 Nc6 18. Nxc6 Qxc6 19. Rfe1 Bb7 20. f3 1/2-1/2

[Event "8th Mikhail Chigorin Memorial"]
[Site "Kislovodsk URS"]
[Date "1972.10.22"]
[Round "1"]
[Board "4"]
[White "Geller, Efim"]
[Black "Kholmov, Ratmir"]
[WhiteElo "2590"]
[BlackElo "2550"]
[Result "1/2-1/2"]
[EventDate "1972.10.21"]
[PlyCount "52"]

1. e4 e5 2. Nf3 Nc6 3. Bb5 a6 4. Ba4 Nf6 5. O-O Be7 6. Re1 b5 7. Bb3 O-O 8. c3 d6 9. h3 Nb8 10. d4 Nbd7 11. c4 c5 12. dxe5 Nxe5 13. Nxe5 dxe5 14. Nc3 Qxd1 15. Rxd1 Rb8 16. a4 Be6 17. axb5 axb5 18. Ra7 Bd8 19. Be3 bxc4 20. Ba4 Bb6 21. Ra6 h6 22. Rd6 Bc7 23. Rdc6 Bc8 24. Ra7 Bb6 25. Rxb6 Rxb6 26. Bxc5 Rb8 1/2-1/2

[Event "8th Mikhail Chigorin Memorial"]
[Site "Kislovodsk URS"]
[Date "1972.10.23"]
[Round "2"]
[Board "1"]
[White "Polugaevsky, Lev"]
[Black "Tseshkovsky, Vitaly"]
[WhiteElo "2645"]
[BlackElo "2480"]
[Result "1/2-1/2"]
[EventDate "1972.10.21"]
[PlyCount "82"]

1. c4 e5 2. Nc3 Nc6 3. Nf3 f5 4. d4 e4 5. Ng5 Nf6 6. e3 h6 7. Nh3 g5 8. f3 exf3 9. Qxf3 d6 10. Nf2 Qe7 11. Nd5 Nxd5 12. cxd5 Nb4 13. Bb5+ Bd7 14. Bxd7+ Qxd7 15. O-O O-O-O 16. Nd1 Nc2 17. Rb1 f4 18. exf4 Bg7 19. Qd3 Nxd4 20. Nc3 Rde8 21. Be3 Qf5 22. Qd2 Qc2 23. fxg5 Qxd2 24. Bxd2 Ne2+ 25. Nxe2 Rxe2 26. Bf4 hxg5 27. Bxg5 Bd4+ 28. Kh1 Bxb2 29. h4 Be5 30. a3 a5 31. Rbe1 Rxe1 32. Rxe1 b5 33. Re4 Kd7 34. Kg1 c6 35. dxc6+ Kxc6 36. Kf2 Kd5 37. Rg4 Bb2 38. Bd2 b4 39. axb4 a4 40. b5 Ra8 41. b6 a3 1/2-1/2

[Event "8th Mikhail Chigorin Memorial"]
[Site "Kislovodsk URS"]
[Date "1972.10.23"]
[Round "2"]
[Board "2"]
[White "Unzicker, Wolfgang"]
[Black "Langeweg, Christian"]
[WhiteElo "2530"]
[BlackElo "2425"]
[Result "1/2-1/2"]
[EventDate "1972.10.21"]
[PlyCount "62"]

1. e4 c5 2. Nf3 e6 3. d4 cxd4 4. Nxd4 Nc6 5. Nc3 Qc7 6. f4 a6 7. Be2 d6 8. Be3 Nf6 9. O-O Bd7 10. Qe1 b5 11. Rd1 Be7 12. a3 O-O 13. Qg3 b4 14. axb4 Nxb4 15. e5 Nfd5 16. Nxd5 Nxd5 17. Nf5 exf5 18. Rxd5 Be6 19. exd6 Bxd6 20. Rd2 Bc5 21. Bxc5 Qxc5+ 22. Qf2 Qc7 23. Ra1 Rab8 24. b3 a5 25. Ra4 Rb6 26. Rad4 h6 27. h3 Rc6 28. Bb5 Rc3 29. Bd7 Bxd7 30. Rxd7 Qc6 31. R7d6 Qc7 1/2-1/2

[Event "8th Mikhail Chigorin Memorial"]
[Site "Kislovodsk URS"]
[Date "1972.10.23"]
[Round "2"]
[Board "3"]
[White "Zilberstein, Valery"]
[Black "Geller, Efim"]
[WhiteElo "2445"]
[BlackElo "2590"]
[Result "0-1"]
[EventDate "1972.10.21"]
[PlyCount "76"]

1. d4 Nf6 2. c4 g6 3. Nc3 Bg7 4. e4 d6 5. Nf3 O-O 6. h3 Nbd7 7. Be3 c6 8. Be2 a6 9. d5 Nc5 10. Nd2 cxd5 11. cxd5 b5 12. b4 Na4 13. Nxa4 bxa4 14. O-O Bd7 15. Bd3 Qb8 16. Nc4 Bb5 17. Rc1 Rc8 18. Na5 Rxc1 19. Bxc1 Bxd3 20. Qxd3 Qxb4 21. Nc6 Qxe4 22. Qxe4 Nxe4 23. Re1 Nc3 24. Nxe7+ Kf8 25. Bf4 Be5 26. Bxe5 dxe5 27. Nc6 Nxd5 28. Rxe5 Nc3 29. Ra5 Re8 30. a3 Re1+ 31. Kh2 Re2 32. f4 Rf2 33. Rc5 Nb5 34. Rc4 Ra2 35. Nd4 Rxa3 36. Rb4 Nc7 37. f5 Nd5 38. g4 Nxb4 0-1

[Event "8th Mikhail Chigorin Memorial"]
[Site "Kislovodsk URS"]
[Date "1972.10.24"]
[Round "3"]
[Board "1"]
[White "Hennings, Artur"]
[Black "Unzicker, Wolfgang"]
[WhiteElo "2475"]
[BlackElo "2530"]
[Result "0-1"]
[EventDate "1972.10.21"]
[PlyCount "86"]

1. e4 c5 2. Nc3 Nc6 3. Nf3 d6 4. d4 cxd4 5. Nxd4 e6 6. Be3 Nf6 7. Be2 Be7 8. O-O O-O 9. f4 Qc7 10. Kh1 Bd7 11. Nb3 a6 12. a4 b6 13. Bf3 Rab8 14. Rf2 Na5 15. Nxa5 bxa5 16. Rb1 Rb4 17. Qd3 Bxa4 18. Nxa4 Rxa4 19. b3 Ra2 20. g4 d5 21. exd5 Nxd5 22. Bxd5 exd5 23. f5 Qc6 24. Bd4 Rc8 25. f6 Bxf6 26. Bxf6 gxf6 27. Rbf1 d4+ 28. Kg1 Rxc2 29. Qxd4 Rxf2 30. Rxf2 Kg7 31. Rf5 Qc1+ 32. Kg2 Rc2+ 33. Kh3 Rc3+ 34. Kh4 Qe1+ 35. Qf2 Qxf2+ 36. Rxf2 Rxb3 37. Rc2 Rb4 38. Rc5 a4 39. Ra5 h5 40. h3 hxg4 41. hxg4 f5 42. Rxf5 Rb5 43. Rf3 Ra5 0-1

[Event "8th Mikhail Chigorin Memorial"]
[Site "Kislovodsk URS"]
[Date "1972.10.24"]
[Round "3"]
[Board "2"]
[White "Geller, Efim"]
[Black "Polugaevsky, Lev"]
[WhiteElo "2590"]
[BlackElo "2645"]
[Result "0-1"]
[EventDate "1972.10.21"]
[PlyCount "73"]

1. e4 c5 2. Nf3 d6 3. d4 cxd4 4. Nxd4 Nf6 5. Nc3 a6 6. Bg5 e6 7. f4 Nbd7 8. Qf3 Qc7 9. O-O-O b5 10. Bd3 Bb7 11. Rhe1 h6 12. Bh4 Be7 13. Nd5 Nxd5 14. exd5 Bxh4 15. Nxe6 fxe6 16. Qh5+ Kd8 17. Qxh4+ Nf6 18. dxe6 Re8 19. g4 Qc5 20. Qg3 Rc8 21. f5 Kc7 22. h4 Qb4 23. g5 Nh5 24. Qe3 Qxh4 25. gxh6 gxh6 26. Qxh6 Qf4+ 27. Qxf4 Nxf4 28. Be4 d5 29. Bf3 Kd6 30. Bg4 Ke7 31. Rd4 Rc4 32. Rxc4 dxc4 33. Rd1 Bc6 34. Rd4 Ng2 35. Bh5 Rh8 36. Bg4 Ne3 37. Kd2 0-1

[Event "8th Mikhail Chigorin Memorial"]
[Site "Kislovodsk URS"]
[Date "1972.10.24"]
[Round "3"]
[Board "5"]
[White "Kozma, Julius"]
[Black "Suetin, Alexei"]
[WhiteElo "2370"]
[BlackElo "2550"]
[Result "0-1"]
[EventDate "1972.10.21"]
[PlyCount "66"]

1. d4 Nf6 2. c4 c5 3. d5 d6 4. Nc3 g6 5. e4 Bg7 6. Nf3 O-O 7. Be2 e6 8. O-O Re8 9. Nd2 Na6 10. dxe6 Bxe6 11. f4 Bd7 12. Bf3 Bc6 13. Nd5 Nc7 14. Re1 Rb8 15. a4 Qd7 16. g4 h6 17. f5 Qd8 18. Bg2 Na6 19. Nb3 Bxd5 20. cxd5 Nd7 21. g5 hxg5 22. fxg6 fxg6 23. Qg4 Ne5 24. Qxg5 Qxg5 25. Bxg5 Nd3 26. Re2 Nxb2 27. Bf4 c4 28. Na5 Nd3 29. Rf1 Nxf4 30. Rxf4 c3 31. Nc4 Rbc8 32. Na3 Nb4 33. Bh3 c2 0-1

[Event "8th Mikhail Chigorin Memorial"]
[Site "Kislovodsk URS"]
[Date "1972.10.25"]
[Round "4"]
[Board "3"]
[White "Polugaevsky, Lev"]
[Black "Gurgenidze, Bukhuti"]
[WhiteElo "2645"]
[BlackElo "2520"]
[Result "1-0"]
[EventDate "1972.10.21"]
[PlyCount "91"]

1. c4 c5 2. Nf3 Nf6 3. Nc3 e6 4. g3 b6 5. e4 Bb7 6. d3 d6 7. Bg2 Be7 8. O-O O-O 9. Re1 Nc6 10. d4 e5 11. dxe5 dxe5 12. Nd5 Ne8 13. b3 Nc7 14. Bb2 Bd6 15. Nh4 Nd4 16. Nf5 Nxd5 17. Bxd4 cxd4 18. exd5 g6 19. Nxd6 Qxd6 20. f4 exf4 21. gxf4 Qxf4 22. Re4 Qd6 23. Qxd4 Rae8 24. Rae1 Bc6 25. b4 Rxe4 26. Rxe4 Bb7 27. a3 Qd7 28. Qe3 Qa4 29. Re7 Ba8 30. h3 b5 31. Rxa7 Qd1+ 32. Kh2 bxc4 33. Rc7 Qa1 34. Rxc4 Bb7 35. b5 Qf6 36. Qc3 Qd6+ 37. Qg3 Qf6 38. Qc7 Rc8 39. Rf4 Rxc7 40. Rxf6 Rc5 41. a4 Kf8 42. Rb6 Bxd5 43. Bxd5 Rxd5 44. a5 Ke7 45. a6 Rd2+ 46. Kg3 1-0

[Event "8th Mikhail Chigorin Memorial"]
[Site "Kislovodsk URS"]
[Date "1972.10.25"]
[Round "4"]
[Board "4"]
[White "Suetin, Alexei"]
[Black "Langeweg, Christian"]
[WhiteElo "2550"]
[BlackElo "2425"]
[Result "1-0"]
[EventDate "1972.10.21"]
[PlyCount "67"]

1. e4 c5 2. Nf3 e6 3. d4 cxd4 4. Nxd4 Nc6 5. Nc3 Qc7 6. Be3 a6 7. Bd3 Nf6 8. Qe2 Be7 9. O-O d6 10. f4 O-O 11. Kh1 Bd7 12. Nf3 Nb4 13. e5 Ne8 14. Rac1 Bc6 15. Bd4 g6 16. Qe3 Ng7 17. Bb6 Qd7 18. Rcd1 Nxd3 19. Qxd3 Bxf3 20. Qxf3 d5 21. g4 Rac8 22. Rd2 Bb4 23. Bd4 Rc4 24. a3 Bxc3 25. Bxc3 Rfc8 26. Rff2 Qe7 27. Bd4 b5 28. c3 Qh4 29. Kg2 a5 30. b4 a4 31. Bc5 Ne8 32. Rd4 Nc7 33. Kf1 Ne8 34. f5 1-0

[Event "8th Mikhail Chigorin Memorial"]
[Site "Kislovodsk URS"]
[Date "1972.10.25"]
[Round "4"]
[Board "5"]
[White "Zilberstein, Valery"]
[Black "Anikaev, Yury"]
[WhiteElo "2445"]
[BlackElo "2475"]
[Result "0-1"]
[EventDate "1972.10.21"]
[PlyCount "74"]

1. d4 d5 2. c4 dxc4 3. e4 c5 4. d5 Nf6 5. Nc3 b5 6. e5 b4 7. exf6 bxc3 8. bxc3 Nd7 9. Qa4 gxf6 10. Bf4 Qb6 11. Bxc4 Bg7 12. Bb5 e5 13. dxe6 Qxe6+ 14. Ne2 O-O 15. O-O Ne5 16. Ng3 Bb7 17. Bxe5 Qxe5 18. Rae1 Qxc3 19. Bc6 Bxc6 20. Qxc6 Rac8 21. Qe4 Qb4 22. Nf5 Rce8 23. Qxe8 Rxe8 24. Rxe8+ Bf8 25. Rc1 Qa4 26. Ree1 Qxa2 27. h3 Qd5 28. Ne3 Qa8 29. Rc4 a5 30. Ra1 Bd6 31. Rca4 Bc7 32. Nf5 Kf8 33. Ne3 Qc6 34. Rh4 Qd6 35. g3 Qd3 36. Rd1 Qe2 37. Kg2 f5 0-1

[Event "8th Mikhail Chigorin Memorial"]
[Site "Kislovodsk URS"]
[Date "1972.10.25"]
[Round "4"]
[Board "6"]
[White "Stein, Leonid"]
[Black "Kozma, Julius"]
[WhiteElo "2620"]
[BlackElo "2370"]
[Result "1/2-1/2"]
[EventDate "1972.10.21"]
[PlyCount "83"]

1. c4 Nf6 2. Nf3 g6 3. Nc3 c5 4. d4 cxd4 5. Nxd4 Nc6 6. Nc2 Bg7 7. e4 O-O 8. Be2 d6 9. O-O Nd7 10. Be3 Bxc3 11. bxc3 Nc5 12. f3 Qa5 13. Qd2 Na4 14. Bh6 Re8 15. Nb4 Be6 16. Nd5 Ne5 17. Rab1 Qc5+ 18. Rf2 Bxd5 19. exd5 Nb6 20. Rb5 Qc8 21. Qd4 f6 22. c5 Nbd7 23. cxd6 exd6 24. Bd2 a6 25. Rb4 Nc5 26. c4 Qf5 27. Bc3 Ned7 28. Qd2 g5 29. h3 Re7 30. f4 Ne4 31. Qc2 Qg6 32. Rf3 Nxc3 33. Rxc3 Qxc2 34. Rxc2 Nc5 35. fxg5 fxg5 36. Rb6 Rd8 37. Bg4 Kg7 38. Rf2 Re4 39. Be6 Rxc4 40. Rf7+ Kg6 41. Rc7 h6 42. Kh2 1/2-1/2

[Event "8th Mikhail Chigorin Memorial"]
[Site "Kislovodsk URS"]
[Date "1972.10.28"]
[Round "5"]
[Board "1"]
[White "Unzicker, Wolfgang"]
[Black "Nezhmetdinov, Rashid"]
[WhiteElo "2530"]
[BlackElo "2450"]
[Result "1/2-1/2"]
[EventDate "1972.10.21"]
[PlyCount "96"]

1. e4 c5 2. Nf3 Nc6 3. d4 cxd4 4. Nxd4 Nf6 5. Nc3 d6 6. Bg5 e6 7. Qd2 a6 8. O-O-O Bd7 9. f4 Qb6 10. Nf3 Rc8 11. Kb1 Ng4 12. f5 Nge5 13. fxe6 fxe6 14. Nxe5 Nxe5 15. Be2 Nf7 16. Be3 Qc7 17. Bd4 Qa5 18. Rhf1 e5 19. Be3 Be6 20. a3 Rxc3 21. Qxc3 Qxc3 22. bxc3 Be7 23. c4 O-O 24. c5 dxc5 25. h3 b6 26. Bg4 Bxg4 27. hxg4 Nd6 28. Rxf8+ Bxf8 29. Rd5 Nc4 30. Bc1 Bd6 31. a4 Kf7 32. c3 Ke6 33. Rd1 h6 34. Rh1 Be7 35. Kc2 Nd6 36. g5 hxg5 37. Rh8 Kd7 38. a5 bxa5 39. Ra8 Nxe4 40. Rxa6 Bd8 41. Ba3 c4 42. Bf8 g6 43. Rxg6 Ke8 44. Ba3 Kd7 45. Ra6 g4 46. Bc1 Nd6 47. Be3 Nf5 48. Bc5 Bc7 1/2-1/2

[Event "8th Mikhail Chigorin Memorial"]
[Site "Kislovodsk URS"]
[Date "1972.10.28"]
[Round "5"]
[Board "2"]
[White "Gurgenidze, Bukhuti"]
[Black "Tseshkovsky, Vitaly"]
[WhiteElo "2520"]
[BlackElo "2480"]
[Result "1/2-1/2"]
[EventDate "1972.10.21"]
[PlyCount "43"]

1. d4 Nf6 2. Bg5 d5 3. Bxf6 exf6 4. e3 c6 5. c4 dxc4 6. Bxc4 Bd6 7. Nd2 O-O 8. Qc2 f5 9. Ne2 g6 10. h4 Nd7 11. h5 Nf6 12. hxg6 hxg6 13. f3 c5 14. dxc5 Bxc5 15. Bxf7+ Rxf7 16. Qxc5 b6 17. Qe5 Ba6 18. Nf4 g5 19. Ne4 gxf4 20. Qxf5 Qd3 21. Nxf6+ Rxf6 22. Rh8+ 1/2-1/2

[Event "8th Mikhail Chigorin Memorial"]
[Site "Kislovodsk URS"]
[Date "1972.10.28"]
[Round "5"]
[Board "4"]
[White "Anikaev, Yury"]
[Black "Polugaevsky, Lev"]
[WhiteElo "2475"]
[BlackElo "2645"]
[Result "1-0"]
[EventDate "1972.10.21"]
[PlyCount "80"]

1. d4 Nf6 2. c4 c5 3. Nf3 cxd4 4. Nxd4 e6 5. Nc3 Bb4 6. Ndb5 d5 7. a3 Bxc3+ 8. Nxc3 d4 9. Na2 e5 10. e3 O-O 11. exd4 exd4 12. Be2 Bf5 13. O-O d3 14. Bf3 Nc6 15. Nb4 Nxb4 16. axb4 Qd4 17. Bxb7 Rab8 18. Bf3 Qxc4 19. Bd2 a6 20. Rc1 Qd4 21. Rc5 Bg6 22. Bc3 Qd8 23. h4 h6 24. h5 Bh7 25. Qd2 Re8 26. Qf4 Rb6 27. Bc6 Qb8 28. Qc4 Rf8 29. Be5 Qd8 30. Qf4 d2 31. Rd1 Nxh5 32. Qxd2 Qh4 33. Qd4 Rxb4 34. Qxh4 Rxh4 35. g3 Rb4 36. Bd6 Rd8 37. Rxh5 Rc4 38. Bf3 Bc2 39. Rd2 Bb3 40. Bf4 Rc1+ 1-0

[Event "8th Mikhail Chigorin Memorial"]
[Site "Kislovodsk URS"]
[Date "1972.10.28"]
[Round "5"]
[Board "5"]
[White "Langeweg, Christian"]
[Black "Stein, Leonid"]
[WhiteElo "2425"]
[BlackElo "2620"]
[Result "1/2-1/2"]
[EventDate "1972.10.21"]
[PlyCount "87"]

1. Nf3 g6 2. d4 Bg7 3. c4 Nf6 4. Nc3 d5 5. Bf4 O-O 6. e3 c5 7. dxc5 Ne4 8. Be5 Bxe5 9. Nxe5 Nxc3 10. bxc3 Qa5 11. Rc1 Qc7 12. Qd4 f6 13. Nd3 Nc6 14. Qxd5+ Kg7 15. Be2 Bf5 16. g4 Bxd3 17. Qxd3 Rad8 18. Qe4 e6 19. Rd1 f5 20. gxf5 exf5 21. Qf4 Rxd1+ 22. Bxd1 Qxf4 23. exf4 Na5 24. Bf3 Rc8 25. c6 bxc6 26. Ke2 Re8+ 27. Kd3 Rd8+ 28. Kc2 Nxc4 29. Rd1 Rxd1 30. Bxd1 c5 31. Be2 Nb6 32. Ba6 Kf6 33. Kd3 h6 34. h4 Ke7 35. Bb7 Kd6 36. Bf3 a5 37. Bg2 Ke7 38. Bf3 Kf6 39. Bc6 g5 40. hxg5+ hxg5 41. fxg5+ Kxg5 42. Be8 Kf4 43. Bc6 Ke5 44. Bg2 1/2-1/2

[Event "8th Mikhail Chigorin Memorial"]
[Site "Kislovodsk URS"]
[Date "1972.10.28"]
[Round "5"]
[Board "7"]
[White "Kozma, Julius"]
[Black "Kholmov, Ratmir"]
[WhiteElo "2370"]
[BlackElo "2550"]
[Result "1-0"]
[EventDate "1972.10.21"]
[PlyCount "111"]

1. d4 Nf6 2. c4 e6 3. Nc3 Bb4 4. e3 c5 5. Bd3 d5 6. Nf3 dxc4 7. Bxc4 O-O 8. O-O Nbd7 9. Qe2 b6 10. Rd1 cxd4 11. exd4 Bb7 12. Bd3 Rc8 13. Bd2 Be7 14. Rac1 Nd5 15. Ba6 Nxc3 16. Bxc3 Bxa6 17. Qxa6 Rc7 18. d5 Nc5 19. Qc4 Rd7 20. Qg4 g6 21. Nd4 Rxd5 22. b4 Na4 23. Ba1 h5 24. Qe2 Qe8 25. Nc6 Bg5 26. Rc2 a6 27. Be5 Rxd1+ 28. Qxd1 Kh7 29. f4 Bh6 30. Bd6 Rh8 31. Ne5 Bxf4 32. Nxf7 Rf8 33. Bxf8 Qxf8 34. Nd8 Qxb4 35. Nxe6 Nc5 36. Nxf4 Qxf4 37. Rf2 Qe3 38. Qd2 Qe6 39. Re2 Qf6 40. h3 h4 41. Qd5 Kg7 42. Rf2 Qe7 43. Qd4+ Kh6 44. Qf6 Qe4 45. Qh8+ Kg5 46. Qd8+ Kh5 47. Qd1+ Kh6 48. Qd2+ Kh5 49. Rf7 g5 50. Rf6 b5 51. Qd1+ g4 52. hxg4+ Kg5 53. Qd8 Qe3+ 54. Kh1 Nb7 55. Rf5+ Kxg4 56. Qd7 1-0

[Event "8th Mikhail Chigorin Memorial"]
[Site "Kislovodsk URS"]
[Date "1972.10.29"]
[Round "6"]
[Board "7"]
[White "Zilberstein, Valery"]
[Black "Kozma, Julius"]
[WhiteElo "2445"]
[BlackElo "2370"]
[Result "1/2-1/2"]
[EventDate "1972.10.21"]
[PlyCount "59"]

1. d4 Nf6 2. c4 g6 3. Nc3 d5 4. cxd5 Nxd5 5. e4 Nxc3 6. bxc3 Bg7 7. Bc4 c5 8. Ne2 O-O 9. O-O Nc6 10. Be3 Qc7 11. Rc1 Rd8 12. f4 Bg4 13. f5 gxf5 14. h3 Bxe2 15. Qxe2 cxd4 16. cxd4 Qd6 17. exf5 Na5 18. Qg4 Nxc4 19. Rxc4 Kh8 20. Qe4 b5 21. Rc5 Bxd4 22. Rxb5 Bxe3+ 23. Qxe3 Qd4 24. Re5 Qxe3+ 25. Rxe3 Rd7 26. Rfe1 Re8 27. f6 e6 28. Rg3 e5 29. Rc3 h6 30. Rce3 1/2-1/2

[Event "8th Mikhail Chigorin Memorial"]
[Site "Kislovodsk URS"]
[Date "1972.10.30"]
[Round "7"]
[Board "3"]
[White "Unzicker, Wolfgang"]
[Black "Stein, Leonid"]
[WhiteElo "2530"]
[BlackElo "2620"]
[Result "1/2-1/2"]
[EventDate "1972.10.21"]
[PlyCount "52"]

1. e4 c5 2. Nf3 d6 3. Bb5+ Bd7 4. Bxd7+ Qxd7 5. c4 e5 6. Nc3 Nc6 7. Nd5 Nge7 8. d3 Nxd5 9. cxd5 Nb4 10. O-O Be7 11. a3 Na6 12. Nd2 O-O 13. Nc4 f5 14. Bd2 b5 15. Na5 fxe4 16. dxe4 Nb8 17. a4 a6 18. Nb3 Ra7 19. Be3 Rc7 20. axb5 axb5 21. Ra8 Ra7 22. Rxa7 Qxa7 23. Qd3 Qd7 24. Na5 Rc8 25. Ra1 h6 26. Qe2 Bd8 1/2-1/2

[Event "8th Mikhail Chigorin Memorial"]
[Site "Kislovodsk URS"]
[Date "1972.10.31"]
[Round "8"]
[Board "4"]
[White "Kholmov, Ratmir"]
[Black "Unzicker, Wolfgang"]
[WhiteElo "2550"]
[BlackElo "2530"]
[Result "1/2-1/2"]
[EventDate "1972.10.21"]
[PlyCount "84"]

1. e4 e5 2. Nf3 Nc6 3. Bb5 a6 4. Ba4 Nf6 5. O-O Nxe4 6. d4 b5 7. Bb3 d5 8. Nxe5 Nxe5 9. dxe5 c6 10. c3 Bf5 11. Be3 Be7 12. Bc2 Qd7 13. f3 Nc5 14. Nd2 O-O 15. Qb1 Bxc2 16. Qxc2 f6 17. exf6 Rxf6 18. b4 Ne6 19. Nb3 Bd6 20. Rae1 Raf8 21. Nd4 Qc7 22. h3 c5 23. Nxe6 Rxe6 24. Qd2 Rfe8 25. Bf2 Rxe1 26. Rxe1 Rxe1+ 27. Qxe1 Kf7 28. Qd2 Qc6 29. a3 h6 30. g4 d4 31. bxc5 Qxc5 32. Bxd4 Qd5 33. Kg2 Bxa3 34. Qf4+ Kg8 35. Qb8+ Bf8 36. Qa7 Qe6 37. h4 Qe2+ 38. Bf2 Qe6 39. h5 Be7 40. Bd4 Bf6 41. Bxf6 Qxf6 42. Qa8+ Kh7 1/2-1/2

[Event "8th Mikhail Chigorin Memorial"]
[Site "Kislovodsk URS"]
[Date "1972.10.31"]
[Round "8"]
[Board "5"]
[White "Tseshkovsky, Vitaly"]
[Black "Kozma, Julius"]
[WhiteElo "2480"]
[BlackElo "2370"]
[Result "1/2-1/2"]
[EventDate "1972.10.21"]
[PlyCount "61"]

1. e4 c6 2. Nc3 d5 3. Nf3 Bg4 4. h3 Bxf3 5. Qxf3 Nf6 6. d3 e6 7. a3 Nbd7 8. g4 g6 9. Bg2 Bg7 10. Qe2 dxe4 11. dxe4 e5 12. f4 exf4 13. Bxf4 Nc5 14. O-O O-O 15. Rad1 Nfd7 16. Kh1 Qb6 17. b4 Bxc3 18. bxc5 Nxc5 19. Qc4 Qa5 20. Bd6 Ne6 21. Bxf8 Rxf8 22. Rd7 Qe5 23. Rxb7 Bd4 24. Rd7 Bb6 25. Qxc6 Bc7 26. Rxc7 Nxc7 27. c4 Ne6 28. Qd5 Qc3 29. e5 Qxa3 30. Qf3 Qc5 31. Qd5 1/2-1/2

[Event "8th Mikhail Chigorin Memorial"]
[Site "Kislovodsk URS"]
[Date "1972.10.31"]
[Round "8"]
[Board "6"]
[White "Zilberstein, Valery"]
[Black "Hennings, Artur"]
[WhiteElo "2445"]
[BlackElo "2475"]
[Result "1/2-1/2"]
[EventDate "1972.10.21"]
[PlyCount "81"]

1. d4 d5 2. c4 c6 3. Nf3 Nf6 4. Nc3 dxc4 5. a4 Bf5 6. Ne5 e6 7. f3 Bb4 8. Bg5 h6 9. Bh4 c5 10. dxc5 Qd5 11. Qxd5 exd5 12. e4 Nc6 13. Nxc6 bxc6 14. exf5 d4 15. O-O-O dxc3 16. bxc3 Bxc3 17. Bxc4 O-O 18. Bg3 Rfe8 19. Ba6 Be5 20. Rhe1 Bxg3 21. hxg3 Rxe1 22. Rxe1 Rd8 23. Bc4 Kf8 24. Kc2 Nd7 25. Rd1 Ke7 26. a5 Rf8 27. Rd6 Rc8 28. Rd1 Nxc5 29. Re1+ Kf6 30. g4 Nb7 31. Ra1 Nd6 32. Bd3 c5 33. Rd1 Rc7 34. Kc3 Ke5 35. Bf1 Rc6 36. g3 Kf6 37. Bc4 Ke7 38. Re1+ Kf6 39. Rd1 Ke7 40. Bd3 Kf6 41. Bf1 1/2-1/2

[Event "8th Mikhail Chigorin Memorial"]
[Site "Kislovodsk URS"]
[Date "1972.10.31"]
[Round "8"]
[Board "7"]
[White "Polugaevsky, Lev"]
[Black "Langeweg, Christian"]
[WhiteElo "2645"]
[BlackElo "2425"]
[Result "1-0"]
[EventDate "1972.10.21"]
[PlyCount "95"]

1. c4 Nf6 2. Nf3 e6 3. g3 b6 4. d3 d5 5. Bg2 Bb7 6. O-O Be7 7. cxd5 exd5 8. b3 O-O 9. Bb2 Re8 10. e3 Nbd7 11. Nc3 Nf8 12. Rc1 Ne6 13. d4 Ne4 14. Nxe4 dxe4 15. Ne5 c5 16. Qg4 g6 17. dxc5 Nxc5 18. b4 Na4 19. Rfd1 Bd6 20. Ba1 Qe7 21. Nd7 f5 22. Nf6+ Qxf6 23. Bxf6 fxg4 24. Rxd6 Rac8 25. Rxc8 Rxc8 26. Bf1 Rc1 27. Kg2 Bc6 28. Be2 h5 29. Bd4 Be8 30. Rd8 Kf7 31. Rxe8 Kxe8 32. Bb5+ Ke7 33. Bxa4 Ke6 34. Be8 Kf5 35. Bd7+ Kg5 36. b5 Rc2 37. Be6 Rc1 38. a4 Rb1 39. Bc3 Rd1 40. Be5 Rd8 41. Bc7 Rf8 42. Bd6 Rh8 43. Be7+ Kh6 44. Bd5 g5 45. Bb4 Re8 46. Bc6 Re6 47. a5 bxa5 48. Bxa5 1-0

[Event "8th Mikhail Chigorin Memorial"]
[Site "Kislovodsk URS"]
[Date "1972.11.03"]
[Round "9"]
[Board "4"]
[White "Kozma, Julius"]
[Black "Geller, Efim"]
[WhiteElo "2370"]
[BlackElo "2590"]
[Result "0-1"]
[EventDate "1972.10.21"]
[PlyCount "72"]

1. d4 Nf6 2. c4 g6 3. Nf3 Bg7 4. g3 O-O 5. Bg2 d6 6. O-O Nbd7 7. Nc3 e5 8. e4 c6 9. Rb1 exd4 10. Nxd4 Ng4 11. h3 Qf6 12. Nce2 Nge5 13. b3 Nb6 14. f4 Ned7 15. Bb2 Qe7 16. Kh2 Nc5 17. Nc3 a5 18. Ba1 a4 19. b4 Nxc4 20. bxc5 dxc5 21. Nc2 Rd8 22. Qe2 Rd2 23. Qxc4 Be6 24. Qxe6 Qxe6 25. Ne3 Bd4 26. f5 Qe7 27. fxg6 fxg6 28. Ng4 Rf8 29. e5 Rxf1 30. Rxf1 h5 31. Nh6+ Kg7 32. Rf7+ Qxf7 33. Nxf7 Kxf7 34. Ne4 Rxa2 35. Bxd4 cxd4 36. Nd6+ Ke7 0-1

[Event "8th Mikhail Chigorin Memorial"]
[Site "Kislovodsk URS"]
[Date "1972.11.03"]
[Round "9"]
[Board "5"]
[White "Unzicker, Wolfgang"]
[Black "Zilberstein, Valery"]
[WhiteElo "2530"]
[BlackElo "2445"]
[Result "1/2-1/2"]
[EventDate "1972.10.21"]
[PlyCount "86"]

1. e4 c5 2. Nf3 d6 3. d4 cxd4 4. Nxd4 Nf6 5. Nc3 a6 6. Bg5 e6 7. f4 Nbd7 8. Qf3 Qc7 9. O-O-O b5 10. g4 b4 11. Nce2 d5 12. Bxf6 Nxf6 13. e5 Ne4 14. Ng3 Bb7 15. Bd3 Nc5 16. f5 O-O-O 17. Qe2 g6 18. Rhf1 Bg7 19. f6 Bh6+ 20. Kb1 Kb8 21. Nb3 Nxb3 22. axb3 Rd7 23. Rde1 Rc8 24. h4 Bf8 25. Rf2 Qb6 26. Rh2 Rdc7 27. h5 Bc5 28. hxg6 hxg6 29. Nf1 Bc6 30. Nd2 Bb5 31. Nf3 Bd4 32. Qd1 Be3 33. Reh1 a5 34. Rh8 a4 35. Bxb5 Qxb5 36. bxa4 Qxa4 37. Rxc8+ Kxc8 38. Rh8+ Kb7 39. Qd3 Bb6 40. Nd2 Qc6 41. Rh7 Qa4 42. Rh8 Ba5 43. Nb3 Bb6 1/2-1/2

[Event "8th Mikhail Chigorin Memorial"]
[Site "Kislovodsk URS"]
[Date "1972.11.03"]
[Round "9"]
[Board "6"]
[White "Langeweg, Christian"]
[Black "Tseshkovsky, Vitaly"]
[WhiteElo "2425"]
[BlackElo "2480"]
[Result "0-1"]
[EventDate "1972.10.21"]
[PlyCount "94"]

1. Nf3 Nf6 2. c4 c5 3. Nc3 Nc6 4. e3 e6 5. d4 d5 6. a3 a6 7. Bd3 cxd4 8. exd4 dxc4 9. Bxc4 Be7 10. O-O O-O 11. Re1 b5 12. Ba2 Bb7 13. Qd3 Rc8 14. Bg5 Re8 15. Rac1 g6 16. Rcd1 b4 17. Na4 Ba8 18. Qxa6 bxa3 19. bxa3 Qa5 20. Qxa5 Nxa5 21. Rxe6 fxe6 22. Bxe6+ Kg7 23. Bxc8 Rxc8 24. Nb6 Rb8 25. Nxa8 Rxa8 26. Rc1 Ra7 27. a4 Nb3 28. Rc4 Na5 29. Rc1 Nb3 30. Rc4 Na5 31. Rc1 Nd5 32. Bxe7 Nxe7 33. Kf1 Kf6 34. Nd2 Nf5 35. Nf3 Nb3 36. Rc6+ Ke7 37. d5 Rxa4 38. g4 Nbd4 39. Nxd4 Nxd4 40. Rc7+ Kd6 41. Rxh7 Kxd5 42. h4 Nf3 43. Kg2 Ne5 44. f4 Rxf4 45. g5 Rf5 46. Kh1 Ke4 47. h5 Rxg5 0-1

[Event "8th Mikhail Chigorin Memorial"]
[Site "Kislovodsk URS"]
[Date "1972.11.03"]
[Round "9"]
[Board "7"]
[White "Hennings, Artur"]
[Black "Polugaevsky, Lev"]
[WhiteElo "2475"]
[BlackElo "2645"]
[Result "1/2-1/2"]
[EventDate "1972.10.21"]
[PlyCount "46"]

1. e4 c5 2. f4 d5 3. exd5 Qxd5 4. Nc3 Qd8 5. Nf3 Nf6 6. Ne5 e6 7. Qf3 Be7 8. b3 O-O 9. Bb2 Nbd7 10. O-O-O Qc7 11. Re1 a6 12. g4 b5 13. Bg2 Nb6 14. g5 Nfd5 15. Qg3 Bb7 16. Be4 Nxc3 17. Bxh7+ Kxh7 18. Qh3+ Kg8 19. g6 fxg6 20. Qxe6+ Kh7 21. Qh3+ Kg8 22. Qe6+ Kh7 23. Qh3+ Kg8 1/2-1/2